|
|
|
|
| LEADER |
00000nam a2200000 4500 |
| 008 |
180619b2014 sp ||||| |||| 00| | spa d |
| 999 |
|
|
|c 3511
|d 3511
|
| 020 |
|
|
|a 9788490318928
|
| 090 |
|
|
|a 06.01.01
|b 2473
|
| 100 |
|
|
|9 3791
|a Gervilla Castillo, Ángeles
|
| 245 |
1 |
0 |
|a Estrategias didácticas para educar en valores: Postmodernidad y educación II /
|c Ángeles Gervilla Castillo, Mercedes Quero Gervilla
|
| 250 |
|
|
|a Segunda edición
|
| 260 |
|
|
|a Madrid :
|b Editorial Dykinson,
|c 2014
|
| 300 |
|
|
|a 227 páginas
|
| 650 |
1 |
0 |
|a EDUCACIÓN EN VALORES
|9 719
|
| 650 |
1 |
4 |
|9 812
|a ESTRATEGIAS EDUCATIVAS
|
| 650 |
1 |
4 |
|9 387
|a APRENDIZAJE
|
| 650 |
1 |
4 |
|9 861
|a CREATIVIDAD
|
| 650 |
1 |
4 |
|9 2390
|a INTELIGENCIA EMOCIONAL
|
| 700 |
|
|
|9 3792
|a Quero Gervilla, Mercedes
|
| 942 |
|
|
|i 004465
|h 06.01.01 2473
|2 z
|c 01
|